000 005030000a22001930004500
001 001164
003 MACL
005 20150816160340.0
008 150816b xxu||||| |||| 00| 0 eng d
040 _aMACL
_cMACL
041 _aEnglish
082 _a510/FAR
100 _aFarmer, David
_95948
245 _aKnots and Surfaces
_bA guide to Discovering Mathematics
_cDavid Farmer
260 _aHyderabad
_c1998
_bUniverisities Press,
350 _a85
650 _aMathematics
_95682
942 _k510
_cBK
_2ddc
999 _c1159
_d1159